1291 1125 1737 1430 1633 1731 1819 1233 1125 1395 1232 1252 1378 1707 1677 1221 1070 1321 1756 1978 1179 1882 1540 1098 1321 1776 1695 1754 1687 1347 1307 1333 1915 1185 1405 1059 1871 1584 1055 1075 1176 1930 1881 1943 1142 1932 1859 1829 1919 1444 1176 1909 1445 1458 1175 1878 1385 1221 1490 1833 1454 1083 1029 1086 1926 1272 1034 1148 1674 1981 1139 1200 1664 1791 1586 1787 1389 1354 1782 1367 1971 1809 1822 1485 1563 1345 1322 1228 1968 1140 1643 1594 1797 1451 1388 1285 1458 1364 1050 BCNSPRNW ULIB Ver.6.0+V

เปลี่ยนเป็นภาษาไทย

Change to English
 แสดงรายละเอียดบรรณานุกรม
  กลับหน้าหลัก

Brief Record : Get Marc (ISO 2709) : E-mail record : QR code < ปิดหน้าต่าง
LEADER : 00000nam 2200000uu 4500
001    13399113603
003     ULIB
008    111128s2550||||th 000 0 tha d
020    ^a9789748075846
090    ^aนว.^bง281อ 2550
100 0  รินจันทร์
245 00 ลำนำหัวใจ/^cรินจันทร์
250    ^aพิมพ์ครั้งที่ 1
260    ^aกรุงเทพฯ :^bลีลา,^c2550
300    ^a328 หน้า
710 1  ลีลา
945    ^p210^l0^i15318
995    ทศพร
999    ^aใช้งานได้ทุกระบบ
รายการนี้ยังไม่มีแท็ก
คุณยังไม่ได้ล็อกอิน คุณสามารถมีกิจกรรมร่วมกับเว็บไซต์ได้ แต่ต้องล็อกอินก่อน ::
  ล็อกอิน

รายการสื่อสารสนเทศ

ลำดับที่ ประเภท เลขเรียก/บาร์โค้ด สถานที่ สถานะ
1. นวนิยาย
นวนิยาย
นว. ง281อ 2550 ฉ.1 
  Barcode: 15318
ห้องสมุดวิทยาเขตสวรรค์ประชารักษ์
►นวนิยาย
บนชั้น
  ขอยืม

BibComment


ยังไม่เคยถูกคอมเมนท์

คอมเมนท์ทรัพยากรรายการนี้
  คอมเมนท์: ลำนำหัวใจ รินจันทร์


 Copyright 2026. Bcnsprnw @Library